Edaphic Filters and Plant Colonization in a Mine Revegetated with Sewage Sludge (Registro n. 341104)
[ somente texto ]
| 000 -LÍDER | |
|---|---|
| fixed length control field | 02306nab a2200325 i 4500 |
| 003 - CÓDIGO MARC DA AGÊNCIA CATALOGADORA | |
| Campo de controle | BR-BrBNA |
| 005 - DATA E HORA DA ÚLTIMA ATUALIZAÇÃO | |
| Campo de controle | 20260327162552.0 |
| 008 - CAMPO DE TAMANHO FIXO | |
| fixed length control field | 260327b2019 bl.qr|pooa||| 00| 0 eng | |
| 040 ## - FONTE DA CATALOGAÇÃO | |
| Agência catalogadora | BR-BrBNA |
| Idioma da catalogação | eng |
| 072 ## - CATEGORIA AGRIS | |
| Código AGRIS | F04 |
| Código do objeto | 3860 |
| 072 ## - CATEGORIA AGRIS | |
| Código AGRIS | P35 |
| 072 ## - CATEGORIA AGRIS | |
| Código AGRIS | Q70 |
| 100 ## - ENTRADA PRINCIPAL - NOME PESSOAL | |
| Nome pessoal | Balduíno, Alexander |
| 100 ## - ENTRADA PRINCIPAL - NOME PESSOAL | |
| Nome pessoal | Corrêa, Rodrigo |
| 100 ## - ENTRADA PRINCIPAL - NOME PESSOAL | |
| Nome pessoal | Munhoz, Cássia Beatriz Rodrigues |
| 100 ## - ENTRADA PRINCIPAL - NOME PESSOAL | |
| Nome pessoal | Chacon, Roberta |
| 100 ## - ENTRADA PRINCIPAL - NOME PESSOAL | |
| Nome pessoal | Pinto, José Roberto Rodrigues |
| 245 ## - TÍTULO PRINCIPAL | |
| Título principal | Edaphic Filters and Plant Colonization in a Mine Revegetated with Sewage Sludge |
| 500 ## - NOTA GERAL | |
| Nota geral | Publicação on-line; Bibliography p. 10-12 (55 ref.); 2 tables; 4 illus.; Summary (En) |
| 942 ## - ADDED ENTRY ELEMENTS (KOHA) | |
| Koha item type | Analítica |
| 520 ## - NOTA DE RESUMO | |
| Nota de conteúdo | <br/><br/>ABSTRACT<br/><br/>We evaluated the recruitment of plant species and their relation with edaphic attributes in a mine<br/>revegetated with sewage sludge in the Brazilian Federal District. Plant species in the revegetated<br/>mine and in remaining portions of Cerrado (savanna) within the mined landscape were sampled<br/>and identified. Then, samples of revegetated substrate and soils from Cerrado portions were<br/>collected, analyzed for chemical attributes and submitted to statistical tests. Results indicated that<br/>the remaining portions of Cerrado were colonized by 91 species (22% allochthonous species),<br/>and the revegetated substrate housed 62 species (55% allochthonous species). Multivariate tests<br/>showed that the edaphic condition built from the incorporation of sewage sludge into the mining<br/>substrate acted as filter on the assemblage of plant species. Despite the two study sites shared the<br/>same landscape, the Cerrado portions and the revegetated substrate did not share similar plant<br/>communities after a decade from mine rehabilitation works.<br/><br/>Keywords: plant recruitment, ecological restoration, biosolids, Cerrado. |
| 650 ## - ASSUNTO - THESAGRO | |
| Cabeçalho tópico ou nome geográfico | CERRADO |
| 650 ## - ASSUNTO - THESAGRO | |
| Cabeçalho tópico ou nome geográfico | REVEGETAÇÃO |
| 650 ## - ASSUNTO - THESAGRO | |
| Cabeçalho tópico ou nome geográfico | LODO RESIDUAL |
| 650 ## - ASSUNTO - THESAGRO | |
| Cabeçalho tópico ou nome geográfico | REDE DE ESGOTO |
| 650 ## - ASSUNTO - THESAGRO | |
| Cabeçalho tópico ou nome geográfico | RECUPERAÇÃO DO SOLO |
| 773 0# - ENTRADA ANALÍTICA | |
| Host Biblionumber | 2929 |
| Registro do item | 347951 |
| Imprenta | Rio de Janeiro-RJ Instituto de Florestas - UFRRJ 1994 |
| Outro identificador | 2025-0450 |
| Título | Floresta e Ambiente (Brazil) |
| ISSN | 1415-0980 / ISSN 2179-8087 0nline |
| Colação | v. 26(2) p. 1-12; (2019) |
| Número de controle de registro | BR2026000182 |
| 856 ## - ACESSO E ENDEREÇO ELETRÔNICO | |
| Identificador uniforme de recurso - URI | https://www.scielo.br/j/floram/a/Yj7WL3FjjwDyvpZRXhwMZPt/?format=pdf&lang=en |
Nenhum exemplar disponível.

BINAGRI